| 000 | 00649nam a22001937a 4500 | ||
|---|---|---|---|
| 003 | 0 | ||
| 005 | 20250911114226.0 | ||
| 008 | 250911b xxu||||| |||| 00| 0 eng d | ||
| 020 | _a978-1-78945-162-7 | ||
| 050 |
_aTD 794.5 _b.R43 2024 |
||
| 245 |
_aRecycling, a challenge for the circular economy / _ccoordinated by Michel Cathelineau. |
||
| 260 |
_aHoboken, NJ : _bJohn Wiley & Sons, Inc., _c2024. |
||
| 300 |
_axix, 325 pages : _billustrations ; _c25 cm. |
||
| 504 | _aIncludes bibliographical references and index. | ||
| 650 | _aRecycling (Waste, etc.). | ||
| 650 | _aCircular economy. | ||
| 650 | _aSustainable development. | ||
| 942 |
_2lcc _cBK |
||
| 999 |
_c367884 _d367884 |
||